000 01066nam a22003017a 4500
001 BR8206315
003 BR-BrBNA
005 20230928091504.0
007 ta
008 230509b bl.||||| |||| 00| 0 por d
040 _aBR-BrBNA
_bpor
_cBiblioteca Nacional de Agricultura
041 _a(Por)
072 _aH10
_b0336
_b/G514
090 _ 0336 BR8206315
100 1 _aRibeiro, S.A.
100 1 _aMedeiros, I. de
100 1 _aBusato, I.A.V.
110 1 _aComissao Estadual de Planejamento Agricola de Mato Grosso do Sul, Campo Grande (Brasil)
_92030
245 1 _aCampanha de divulgacao do manejo integrado de pragas da soja, safra 82/83 [controle biologico, controle quimico, Mato Grosso do Sul, Brasil]
260 3 _aCampo Grande, MS (Brasil):
_c1982.
300 _a16 p.
500 _a(*) Documento disponível no(a) Comissao Estadual de Planejamento Agricola de Mato Grosso do Sul, Campo Grande (Brazil)
650 _aSOJA
650 _aCONTROLE QUIMICO
650 _aCONTROLE BIOLOGICO
909 _a202309
_bLucia
_c55
_dLucia Elande
942 _cBK
999 _c34078
_d34078